Statistics for Countries With the Most Unique Starting Letter

Click here to take the quiz!

General Stats

  • This quiz has been taken 201 times
    (155 since last reset)
  • The average score is 30 of 40

Answer Stats

Answer% Correct
O
93%
Q
93%
R
93%
D
92%
Z
92%
F
91%
J
89%
V
89%
Y
89%
H
88%
Qatar
88%
Zambia
88%
Zimbabwe
88%
Yemen
86%
Oman
84%
Finland
81%
Denmark
79%
France
79%
Venezuela
78%
Romania
75%
Rwanda
75%
Russia
74%
Jamaica
73%
Japan
72%
W
71%
X
71%
Dominica
70%
Dominican Republic
70%
Djibouti
69%
Vatican City
68%
Haiti
67%
Honduras
67%
Vanuatu
66%
Jordan
65%
Vietnam
65%
Fiji
64%
Hungary
62%
Democratic Republic of the Congo
57%
Republic of the Congo
43%
Federated States of Micronesia
39%

Score Distribution

Percentile by Number Answered

Percent of People with Each Score

Your Score History

You have not taken this quiz since the last reset